| 000 | 00411nam a22001697a 4500 | ||
|---|---|---|---|
| 003 | OSt | ||
| 008 | 250421b |||||||| |||| 00| 0 eng d | ||
| 020 | _a9789388511711 | ||
| 082 | _a005.43 RAB | ||
| 100 | _aRATHEE,Priyanka | ||
| 245 | _aBasic Principles of an Operating System | ||
| 250 | _a1st Rep Ed. | ||
| 260 |
_aNew Delhi _bBPB _c2024 |
||
| 300 | _a309 | ||
| 650 | _aOperating System | ||
| 942 |
_2ddc _cBK |
||
| 999 |
_c13361 _d13361 |
||